000 01108nam0a22002651 4500
001 v19\rc\2060805
005 20260405071918.0
035 _a(NLR Aleph) 005147346
090 _a4865661
_c4865661
100 _a20081111e19091909|||y0rusy50 ca
101 0 _arus
102 _aRU
105 _ay z |||c|
200 1 _aВолга
_eПутевой очерк
_fГр. Е.А. Салиас
210 _aМосква
_cА.А. Петрович
_d1909
215 _a255 с.
_d22
311 _aОтт. из. изд.: Книга журн. "Родная речь", 1909, № 2-4
488 0 _12001#$aКнига журнала "Родная речь"$v1909, № 2-4
_tКнига журнала "Родная речь"
700 1 _8rus
_7ca
_aСалиас-де-Турнемир
_bЕ. А.
_f1840-1908
_gЕвгений Андреевич
_3RU\NLR\auth\7718544
_91621
790 1 _8rus
_7ca
_aСалиас-де-Турнемир
_bЕ. А.
_f1840-1908
_gЕвгений Андреевич
_3RU\NLR\AUTH\7718544
_91621
801 0 _aRU
_bNLR
_gpsbo
801 1 _aRU
_bProSoft-M
_2rusmarc
852 _aNLR
_j88-5/703
942 _cBOOK
980 _aNB